<?xml version="1.0" encoding="UTF-8"?>
<record
    xmlns:xsi="http://www.w3.org/2001/XMLSchema-instance"
    xsi:schemaLocation="http://www.loc.gov/MARC21/slim http://www.loc.gov/standards/marcxml/schema/MARC21slim.xsd"
    xmlns="http://www.loc.gov/MARC21/slim">

  <leader>01474    a2200241   4500</leader>
  <controlfield tag="001">63658</controlfield>
  <controlfield tag="005">20260407155935.0</controlfield>
  <controlfield tag="008">260407a2025    arg                 spa d</controlfield>
  <controlfield tag="003">AR-UNSa-BCEJYS</controlfield>
  <datafield tag="040" ind1=" " ind2=" ">
    <subfield code="a">AR-UNSa-BCEJYS</subfield>
    <subfield code="b">spa</subfield>
    <subfield code="c">AR-UNSa-BCEJYS</subfield>
  </datafield>
  <datafield tag="080" ind1=" " ind2=" ">
    <subfield code="a">340.12</subfield>
    <subfield code="x">Tendencias en la teor&#xED;a del derecho. Escuelas, doctrinas jur&#xED;dicas. Filosof&#xED;a del derecho. Teor&#xED;as sobre el Estado y el derecho
</subfield>
  </datafield>
  <datafield tag="245" ind1="1" ind2="0">
    <subfield code="a">La guerra silenciosa</subfield>
    <subfield code="p">Lecturas de filosof&#xED;a del derecho</subfield>
  </datafield>
  <datafield tag="020" ind1=" " ind2=" ">
    <subfield code="a">978-950-23-2849-2</subfield>
  </datafield>
  <datafield tag="250" ind1=" " ind2=" ">
    <subfield code="a">2a. ed.</subfield>
  </datafield>
  <datafield tag="264" ind1=" " ind2="1">
    <subfield code="a">Buenos Aires :</subfield>
    <subfield code="b">Universidad de Buenos Aires. Facultad de Derecho. Departamento de Publicaciones</subfield>
    <subfield code="c">2025</subfield>
  </datafield>
  <datafield tag="300" ind1=" " ind2=" ">
    <subfield code="a">562 p.</subfield>
    <subfield code="c">23 cm.</subfield>
  </datafield>
  <datafield tag="505" ind1=" " ind2=" ">
    <subfield code="a">Primera Parte: El discurso jur&#xED;dico: sobre Carlos Alchourr&#xF3;n y Eugenio Bulygin o de c&#xF3;mo la mente l&#xF3;gica deviene pol&#xED;tica de poder e historia narrativa - Segunda Parte: El viejo cuento de la cooperaci&#xF3;n: Sobre Carlos Nino o de c&#xF3;mo todos los caminos conducen a la moralidad - Tercera Parte: La clave est&#xE1; en la pr&#xE1;ctica: sobre la teor&#xED;a cr&#xED;tica del Derecho I - Cuarta Parte: El imperio del sentido: sobre Hans Kelsen o de c&#xF3;mo volver siempre sobre lo mismo - Quinta Parte: El sujeto de derecho: sobre la teor&#xED;a cr&#xED;tica del derecho II.</subfield>
  </datafield>
  <datafield tag="041" ind1=" " ind2=" ">
    <subfield code="a">spa</subfield>
  </datafield>
  <datafield tag="942" ind1=" " ind2=" ">
    <subfield code="c">BK</subfield>
  </datafield>
  <datafield tag="590" ind1=" " ind2=" ">
    <subfield code="a">niveau_biblio:m niveau_hierar:0</subfield>
  </datafield>
  <datafield tag="100" ind1="1" ind2=" ">
    <subfield code="a">Corti, Horacio Guillermo</subfield>
  </datafield>
  <datafield tag="856" ind1="4" ind2="1">
    <subfield code="u">https://www.biblioeco.unsa.edu.ar/pmb/images/libros/L129423.jpg</subfield>
    <subfield code="y">Imagen de portada</subfield>
    <subfield code="q">image/jpeg</subfield>
  </datafield>
  <datafield tag="999" ind1=" " ind2=" ">
    <subfield code="c">8265</subfield>
    <subfield code="d">8265</subfield>
  </datafield>
  <datafield tag="952" ind1=" " ind2=" ">
    <subfield code="0">0</subfield>
    <subfield code="1">0</subfield>
    <subfield code="4">0</subfield>
    <subfield code="7">0</subfield>
    <subfield code="a">BCEJYS</subfield>
    <subfield code="b">BCEJYS</subfield>
    <subfield code="c">16</subfield>
    <subfield code="d">2026-04-07</subfield>
    <subfield code="l">0</subfield>
    <subfield code="o">340.12 C829 2ed.</subfield>
    <subfield code="p">L129423</subfield>
    <subfield code="r">2026-04-07 15:59:35</subfield>
    <subfield code="w">2026-04-07</subfield>
    <subfield code="y">L</subfield>
  </datafield>
</record>
